<?xml version="1.0" encoding="UTF-8"?>
<collection xmlns:xsi="http://www.w3.org/2001/XMLSchema-instance" xsi:schemaLocation="http://www.loc.gov/MARC21/slim http://www.loc.gov/standards/marcxml/schema/MARC21slim.xsd" xmlns="http://www.loc.gov/MARC21/slim">
 <record>
  <leader>00000nam a22000004a 4500</leader>
  <controlfield tag="001">UP-8027390931316661599</controlfield>
  <controlfield tag="003">Buklod</controlfield>
  <controlfield tag="005">20260310162259.0</controlfield>
  <controlfield tag="006">m    |o  d |      </controlfield>
  <controlfield tag="007">cr |||||||||||</controlfield>
  <controlfield tag="008">260310s2015    gw      o  d        eng d</controlfield>
  <datafield tag="020" ind1=" " ind2=" ">
   <subfield code="a">9783110351507</subfield>
   <subfield code="a">(ebook)</subfield>
  </datafield>
  <datafield tag="037" ind1=" " ind2=" ">
   <subfield code="a">Fi-2049eb</subfield>
   <subfield code="b">Megatexts</subfield>
   <subfield code="c">₱11,500.00</subfield>
  </datafield>
  <datafield tag="040" ind1="0" ind2=" ">
   <subfield code="a">DMLF</subfield>
   <subfield code="e">rda</subfield>
  </datafield>
  <datafield tag="041" ind1="0" ind2=" ">
   <subfield code="a">eng</subfield>
  </datafield>
  <datafield tag="042" ind1=" " ind2=" ">
   <subfield code="a">DMLUC</subfield>
  </datafield>
  <datafield tag="084" ind1=" " ind2=" ">
   <subfield code="a">DS 135 A85</subfield>
   <subfield code="b">G65 2015eb</subfield>
  </datafield>
  <datafield tag="100" ind1="1" ind2=" ">
   <subfield code="a">Goldstein, Jonathan</subfield>
   <subfield code="e">author.</subfield>
  </datafield>
  <datafield tag="245" ind1="0" ind2="0">
   <subfield code="a">Jewish identities in East and Southeast Asia</subfield>
   <subfield code="b">Singapore, Manila, Taipei, Harbin, Shanghai, Rangoon, and Surabaya</subfield>
   <subfield code="c">Jonathan Goldstein.</subfield>
  </datafield>
  <datafield tag="264" ind1=" " ind2="0">
   <subfield code="a">Berlin</subfield>
   <subfield code="a">Boston</subfield>
   <subfield code="b">De Gruyter Oldenbourg</subfield>
   <subfield code="c">©2015.</subfield>
  </datafield>
  <datafield tag="300" ind1=" " ind2=" ">
   <subfield code="a">[1 online resource] xi, 242 pages</subfield>
   <subfield code="b">illustrations, map.</subfield>
  </datafield>
  <datafield tag="336" ind1=" " ind2=" ">
   <subfield code="a">text</subfield>
   <subfield code="2">rdacontent</subfield>
  </datafield>
  <datafield tag="337" ind1=" " ind2=" ">
   <subfield code="a">computer</subfield>
   <subfield code="2">rdamedia</subfield>
  </datafield>
  <datafield tag="338" ind1=" " ind2=" ">
   <subfield code="a">online resource</subfield>
   <subfield code="2">rdacarrier</subfield>
  </datafield>
  <datafield tag="490" ind1="0" ind2=" ">
   <subfield code="a">New Perspectives on Modern Jewish History</subfield>
   <subfield code="v">v. 6</subfield>
  </datafield>
  <datafield tag="504" ind1=" " ind2=" ">
   <subfield code="a">Includes bibliographical references and index.</subfield>
  </datafield>
  <datafield tag="505" ind1="0" ind2="0">
   <subfield code="a">1. Jewish identities in East and Southeast Asia : common denominators and dissimilarities -- 2. Setting a standard for Jewish identity in East and Southeast Asia : Singapore's Baghdadi community from 1795-2015 -- 3. Between Spain, the United States, Japan, and Israel : Manila's multicultural &quot;Bagel Boys&quot; in historical perspective -- 4. Taipei : an oasis of tranquility for Americans, Europeans, and Israelis -- 5. Between Russia, China, Japan, and Israel : the transnational identity of Harbin's Jews, 1899-2015, with special reference to the Ehud Olmert family -- 6. Shanghai as microcosm and mosaic of Eurasian Jewish identities, 1850-1960 -- 7. Empire, nationalism, and dissolution : Rangoon and Surabaya, 1752-2015 -- 8. Enduring Jewish identities and legacies across the landscape of East and Southeast Asia.</subfield>
  </datafield>
  <datafield tag="520" ind1="0" ind2=" ">
   <subfield code="a">The Jewish communities of East and Southeast Asia display an impressive diversity. Jonathan Goldstein’s book covers the period from 1750 and focuses on seven of the area’s largest cities and trading emporia: Singapore, Manila, Taipei, Harbin, Shanghai, Rangoon, and Surabaya. The book isolates five factors which contributed to the formation of transnational, multiethnic, and multicultural identity: memory, colonialism, regional nationalism, socialism, and Zionism. It emphasizes those factors which preserved specifically Judaic aspects of identity.&#13;
Drawing extensively on interviews conducted in all seven cities as well as governmental, institutional, commercial, and personal archives, censuses, and cemetery data, the book provides overviews of communal life and intimate portraits of leading individuals and families. Jews were engaged in everything from business and finance to revolutionary activity. Some collaborated with the Japanese while others confronted them on the battlefield. The book attempts to treat fully and fairly the wide spectrum of Jewish experience ranging from that of the ultra-Orthodox to the completely secular.</subfield>
  </datafield>
  <datafield tag="650" ind1="0" ind2="0">
   <subfield code="a">Jews</subfield>
   <subfield code="z">East Asia</subfield>
   <subfield code="x">History.</subfield>
  </datafield>
  <datafield tag="650" ind1="0" ind2="0">
   <subfield code="a">Jews</subfield>
   <subfield code="z">Southeast Asia</subfield>
   <subfield code="x">History.</subfield>
  </datafield>
  <datafield tag="856" ind1="0" ind2="0">
   <subfield code="y">Remote access thru OpenAthens account</subfield>
   <subfield code="u">https://doi.org/10.1515/9783110351507</subfield>
  </datafield>
  <datafield tag="905" ind1=" " ind2=" ">
   <subfield code="a">FI</subfield>
  </datafield>
  <datafield tag="852" ind1="0" ind2=" ">
   <subfield code="a">UPD</subfield>
   <subfield code="b">DMLF</subfield>
   <subfield code="h">DS 135 A85</subfield>
   <subfield code="i">G65 2015eb</subfield>
  </datafield>
  <datafield tag="942" ind1=" " ind2=" ">
   <subfield code="a">Electronic Resource</subfield>
  </datafield>
 </record>
</collection>
